000 01000nam a2200289 a 4500
001 000037791
003 DO-SdBNP
005 20220926115509.0
008 130306s2012 dr a 000 0 spa d
020 _a9789945486094
040 _aDO-SdBNP
_bspa
_cBPMSU
082 _a306.097293
_bM553h 2012
_222
100 1 _aMercader, José
245 1 0 _aHuellas culturales /
_cJosé mercader.
260 _aSanto Domingo :
_bEdiciones Voces,
_c2012.
300 _a162 p. :
_bils. ;
_c25 cm.
500 _aIncluye datos biográficos del autor en la solapa de la cubierta
500 _aIncluye referencias bibliográficas y notas al pie de las páginas
590 _6Inventariado, 2022/VM
650 4 _aPolítica cultural
_zRepública Dominicana
650 4 _aHumorismo gráfico
650 4 _aPersonajes
_vCaricaturas.
650 4 _aCultura popular
651 4 _aRepública Dominicana
_xVida social y costumbres
910 _aVMateo V. /Validado
942 _2ddc
_cBK
999 _c14282
_d14282